| 000 | 00976nam a2200229Ia 4500 | ||
|---|---|---|---|
| 003 | IN-BaIIA | ||
| 008 | 211028s9999 xx 000 0 eng d | ||
| 020 | _a90-277-2482-2 | ||
| 040 | _cIIA Library | ||
| 080 |
_a52(082.1) _bASS-134 |
||
| 111 |
_aSymposium on Interstellar Processes _cGrand Teton National Park, United States, _d1986 July _915361 |
||
| 245 | 0 |
_aInterstellar processes _bproceedings of the symposium on interstellar processes, held in Grand Teton National Park, United States, July 1986 _cedited by David J.Hollenbach and Harley A.Thronson |
|
| 260 |
_aDordrecht _bD. Reidel Publishing _c1987 |
||
| 300 | _axi, 807p. | ||
| 490 | _aAstrophysics and space science library; v. 134 | ||
| 650 | _aAstronomy and Astrophysics Thesaurus | ||
| 650 |
_aInterstellar matter _91189 |
||
| 650 |
_aInterstellar medium _93375 |
||
| 700 |
_aHollenbach, David J., ed. _915362 |
||
| 700 |
_aThronson, Harley A., ed. _915363 |
||
| 942 | _cBK | ||
| 999 |
_c9147 _d9147 |
||